Title in the Lyrics Quiz: Ozzy Osbourne - Statistics

General Stats
  • This quiz has been taken 82 times
  • The average score is 9 of 18
Answer Stats
Answer % Correct
Mental wounds still screaming, Driving me insane, I'm goin' off the rails on a {Crazy} {Train}
95%
Times have changed and times are strange, Here I come, but I ain't the same, {Mama}, {I'm} {Coming} {Home}
78%
Oh, {Mr.} {Crowley}, did you talk to the dead? Your life style to me seemed so tragic, With the thrill of it all
74%
Then when he's found who he's looking for, Listen in awe and you'll hear him, {Bark} {at} {the} {Moon}
65%
{Diary} {of} {a} {Madman}, Walk the line again today, Entries of confusion, Dear diary, I'm here to stay
60%
Who Can We Get On The Case?, We Need {Perry} {Mason}
57%
I say {Goodbye} {to} {Romance}, yeah, Goodbye to friends, I tell you
55%
{Over} {the} {Mountain}, take me across the sky, Something in my vision, something deep inside
52%
Yes, I've been a bad guy, Been higher than the blue sky, And the truth is I don't wanna die an {Ordinary} {Man}
51%
But a {Shot} {in} {the} {Dark}, One step away from you
48%
'Cause you can't see what my eyes see, (I can see it, I can see it), And you can't be inside of me, {Flying} {High} {Again}
45%
I'm looking for a {Miracle} {Man}, That tells me no lies
42%
The {Black} {Rain} is falling, Contaminating the ground, The human race is dying, The dead are scattered around
29%
But I still love the feeling I get from you, I hope you'll never stop cause it {Gets} {Me} {Through} Yeah
26%
But It'll Be All Right Tonight, I'm Gonna Be All Right Tonight, Are We Doing All Right In {Old} {L.A.} {Tonight}?
25%
Just another lonely broken hero, Picking up the pieces of my mind, Running out of faith and hope and reason I'm {Running} {Out} {of} {Time}
25%
And It Is You, You Are {The} {Ghost} {Behind} {My} {Eyes}
22%
Every second you throw away, Every minute of every day, Don't get caught in a memory, Because {Life} {Won't} {Wait} {For} {You}
18%
No matching quizzes found
Score Distribution
Percent of People with Each Score
Percentile by Number Answered
Your Score History
You have not taken this quiz